Dove giocava nel 2010-2011? - Quiz n°18 - Statistics

Statistiche generali
  • Questo quiz è stato fatto 25 volte
  • Il punteggio medio è 6 su 10
Statistiche sulle risposte
Hint Risposta % Corretto
Giampaolo Pazzini Sampdoria
95%
Edin Džeko Manchester City
89%
Franck Ribéry Bayern Monaco
84%
Henrikh Mkhitaryan Shakhtar Donetsk
79%
Shinji Okazaki Shimizu S-Pulse
79%
Sergio Agüero Atletico Madrid
53%
Layvin Kurzawa Monaco
53%
Kasper Schmeichel Leeds Utd
42%
Son Heung-min Amburgo
32%
Denis Čeryšev Real Madrid Castilla
32%
Nessun quiz corrispondente trovato
Distribuzione punteggi
Percentuale di utenti per punteggio
Percentile per numero di risposta
I tuoi punteggi nel tempo
Non hai fatto questo quiz